El fin de la URSS: crisis, transformación y perspectivas de los pueblos pos soviéticos
محفوظ في:
| المؤلف الرئيسي: | |
|---|---|
| التنسيق: | كتاب |
| اللغة: | الإسبانية |
| منشور في: |
Santiago
Ediciones B
2005
|
| الطبعة: | 1a. ed |
| الموضوعات: | |
| الوسوم: |
إضافة وسم
لا توجد وسوم, كن أول من يضع وسما على هذه التسجيلة!
|
MARC
| LEADER | 00000nam a2200000 a 4500 | ||
|---|---|---|---|
| 001 | UCK8081 | ||
| 003 | CL-VaPUC | ||
| 008 | 060113e20050000CL |||||||||||||||||spa|d | ||
| 020 | |a 9563040074 | ||
| 082 | 0 | 4 | |a 327.47 |b LIR |2 21 |
| 100 | |a Lira, Máximo |e autor |9 497881 | ||
| 245 | 1 | 3 | |a El fin de la URSS: crisis, transformación y perspectivas de los pueblos pos soviéticos |
| 250 | |a 1a. ed | ||
| 300 | |a 204 p | ||
| 942 | |c BK | ||
| 945 | |d 20060113 00:00:00 |a jtorresc | ||
| 260 | |a Santiago |b Ediciones B |c 2005 | ||
| 650 | 7 | |a CRISIS |2 CL-VaPUC |9 328300 | |
| 650 | 7 | |a DECADENCIA |2 CL-VaPUC |9 400479 | |
| 650 | 0 | |a Política exterior |9 316628 | |
| 650 | 0 | |a Socialismo |9 255260 | |
| 650 | 7 | |a CRISIS ECONOMICA |2 CL-VaPUC |9 497882 | |
| 650 | 0 | |a Política económica |9 255029 | |
| 651 | 0 | |a Rusia |9 256106 | |
| 583 | |a last modification |c 20060113 00:00:00 |k Rodrigo Vera | ||
| 999 | |c 315905 |d 315903 | ||
| 952 | |0 0 |1 0 |4 0 |6 327_470000000000000_LIR_2005 |7 0 |8 A |9 389765 |a BIBHIS |b BIBHIS |d 2019-11-22 |i 4200667 |o 327.47 LIR 2005 |p 4200667 |r 2025-01-20 |w 2019-11-22 |y BK |k HIS | ||